| 000 | 00533 a2200169 4500 | ||
|---|---|---|---|
| 005 | 20250617153316.0 | ||
| 020 | _a978-0-321-21025-8 | ||
| 082 | _a005. 742 CON | ||
| 100 | _aCONNOLY, T. M. | ||
| 245 | _aDatabase Systems: A Practical Approach to Design, Implementation and Management. | ||
| 250 | _a4th Ed. | ||
| 260 |
_aNew york, _bAddison-Wesley, _c2005. |
||
| 300 |
_axlix, 1374p.: ill.; figure _bIndex & References _c23cm |
||
| 700 | _aBEGG, C. E. | ||
| 856 |
_yAccess online book _fComputer _dwww.pearsoned.co.uk |
||
| 942 |
_2ddc _cBKS |
||
| 999 |
_c165 _d165 |
||